| 000 | 00668nam a2200241Ia 4500 | ||
|---|---|---|---|
| 003 | OSt | ||
| 005 | 20230626103825.0 | ||
| 008 | 210423s9999 xx 000 0 und d | ||
| 020 | _a9788120344020 | ||
| 040 | _cAL | ||
| 041 | _aeng | ||
| 082 |
_a330.15 _223 _bHUNE |
||
| 100 |
_aHUNT (E K);LAUTZENHEISER (Mark) _993608 |
||
| 245 | _aHistory of economic thought: a critical perspective | ||
| 250 | _a3 | ||
| 260 |
_aNew Delhi _bPHI Learning Pvt Ltd _c2013 |
||
| 300 |
_axxiv,579 _bPB |
||
| 365 |
_b395 _cINR |
||
| 650 |
_aEconomics _993609 |
||
| 650 |
_aEconomics _993609 |
||
| 906 | _acritical ; economic ; History ; perspective ; thought: | ||
| 942 |
_2ddc _cBK |
||
| 999 |
_c161159 _d161159 |
||